| 000 | 02168cam0 2200517 ib4500 | ||
|---|---|---|---|
| 001 | BY-BR0002-br2026400866 | ||
| 005 | 20260402121830.0 | ||
| 010 | ^a978-985-02-2335-7 | ||
| 035 | ^a(BY-MI0000)BY-BR0002-br2026400866 | ||
| 035 | ^a(BY-MI0012)BY-BR0002-br2026400866 | ||
| 035 | ^a(BY-MI0006)BY-BR0002-br2026400866 | ||
| 100 | ^a20260305b2026 c y0bely50 ca | ||
| 101 | 0 | ^abel | |
| 102 | ^aBY | ||
| 105 | ^aa z 000gy | ||
| 109 | ^ama | ||
| 181 | 0 | ^ai3 | |
| 181 | 0 |
^ab1 ^b b2 |
|
| 182 | 0 | ^an | |
| 200 | 1 |
^aАзбуку мядзведзь вучыў ^eвершы-заданні ^eдля малодшага школьнага ўзросту ^fАнатоль Зэкаў ^gілюстрацыі І. Дударавай |
|
| 203 |
^aТэкст ^aВыява ^bнерухомая ^bдвухмерная ^cнепасрэдныя |
||
| 210 |
^aМінск ^cМастацкая літаратура ^d2026 |
||
| 215 |
^a[46] с. ^cіл. ^d29 см |
||
| 300 | ^aРСЗЛ | ||
| 333 | ^a6+ | ||
| 345 | ^91500 экз. | ||
| 606 |
^aБЕЛАРУСКАЯ МОВА ^3BY-NLB-ar3726 ^2DVNLB |
||
| 606 |
^aБЕЛОРУССКИЙ ЯЗЫК ^3BY-NLB-ar3725 ^2DVNLB |
||
| 608 |
^aДЕТСКАЯ И ЮНОШЕСКАЯ ЛИТЕРАТУРА (художеств. произведение) ^3BY-NLB-ar9019 ^2BYGNR |
||
| 608 |
^aДЗІЦЯЧАЯ І ЮНАЦКАЯ ЛІТАРАТУРА (мастацкі твор) ^3BY-NLB-ar9020 ^2BYGNR |
||
| 608 |
^aВЕРШ ^3BY-NLB-ar32088 ^2BYGNR |
||
| 608 |
^aСТИХОТВОРЕНИЕ ^3BY-NLB-ar32087 ^2BYGNR |
||
| 608 |
^aАЗБУКА ^3BY-NLB-ar3208527 ^2BYGNR |
||
| 608 |
^aАЗБУКА ^3BY-NLB-ar3208526 ^2BYGNR |
||
| 615 |
^3BY-SEK-ar1826174 ^aБелорусский национальный документ |
||
| 686 |
^a84(4Беі)-5 ^2rubbk |
||
| 690 |
^a1 ^2Base ^9BY-MI0000 ^xRSEK |
||
| 700 | 1 |
^3BY-NLB-ar2469388 ^aЗэкаў ^bА. М. |
|
| 702 | 1 |
^aДударава ^bІ. ^gІаанна ^4440 |
|
| 801 | 0 |
^aBY ^bBY-BR0002 ^c20260305 ^gRCR |
|
| 801 | 2 |
^aBY ^bBY-MI0012 ^c20260318 ^gRCR |
|
| 801 | 2 |
^aBY ^bBY-MI0000 ^c20260326 ^gRCR |
|
| 899 | 0 |
^aBY-MI0000 ^iЗ97 ^h84(4Беі) |
|